{"text_format":"3","workbook":"xlsx","n_sheets":1,"sheets":["Kostenaufstellung"],"read":"whole","date_system":"1900"}

{"sheet":"Kostenaufstellung","index":0,"n_rows":29,"n_cols":16,"rows_kept":29,"merged":[[0,0,0,11],[1,0,1,3],[1,5,1,8],[2,1,2,3],[2,5,2,6],[2,7,2,8],[3,1,3,3],[3,5,3,6],[3,7,3,8],[4,1,4,3],[4,5,4,6],[4,7,4,8],[5,1,5,3],[5,5,5,6],[5,7,5,8]]}
["Kostenaufstellung Sanierung"]
["Projektdaten",{"$nulls":4},"Übersicht",{"$nulls":7},"Listen"]
["Projektname","Wohnung Renovierung – Beispiel",{"$nulls":3},"Geplant (Summe)",null,{"$f":"SUM(H10:H29)","v":{"v":5284.4,"d":"€ 5,284.40"}},{"$nulls":5},"Material","Stk","geplant"]
["Objekt/Adresse","Musterstraße 12, 26122 Oldenburg",{"$nulls":3},"Tatsächlich (Summe)",null,{"$f":"SUM(I10:I29)","v":{"v":3880,"d":"€ 3,880.00"}},{"$nulls":5},"Arbeitskosten","m²","beauftragt"]
["Startdatum",46037,{"$nulls":3},"Budget inkl. Puffer",null,{"$f":"H3*(1+$B$6)","v":{"v":5812.84,"d":"€ 5,812.84"}},{"$nulls":5},"Sonstiges","m","teilbezahlt"]
["Puffer (%)",0.1,{"$nulls":3},"Abweichung Ist vs Budget",null,{"$f":"H4-H5","v":{"v":-1932.8400000000001,"d":"-€ 1,932.84"}},{"$nulls":5},"Genehmigungen","Std","bezahlt"]
[{"$nulls":13},"Entsorgung","Pauschal","storniert"]
[{"$nulls":13},"Geräte/Miete"]
["Kostenbereich","Posten","Beschreibung","Lieferant/Handwerker","Menge","Einheit","Preis/Einheit","Geplant","Tatsächlich","Differenz","Status","Zahlungsdatum"]
["Material","Farbe & Grundierung","Wandfarbe (weiß) + Grundierung","Bauhaus",{"v":12,"d":"12.00"},"Stk",{"v":24.9,"d":"€ 24.90"},{"$f":"IF(OR(E10=\"\",G10=\"\"),\"\",E10*G10)","v":{"v":298.79999999999995,"d":"€ 298.80"}},{"v":312.5,"d":"€ 312.50"},{"$f":"IF(OR(I10=\"\",H10=\"\"),\"\",I10-H10)","v":{"v":13.700000000000045,"d":"€ 13.70"}},"bezahlt","2026-01-18"]
["Arbeitskosten","Malerarbeiten","Streichen Wohnzimmer + Flur","Malerbetrieb Krüger",{"v":18,"d":"18.00"},"Std",{"v":45,"d":"€ 45.00"},{"v":810,"d":"€ 810.00"},{"v":830,"d":"€ 830.00"},{"v":20,"d":"€ 20.00"},"teilbezahlt","2026-01-25"]
["Material","Laminat","Laminat 8mm inkl. Trittschalldämmung","Hornbach",{"v":42,"d":"42.00"},"m²",{"v":18.9,"d":"€ 18.90"},{"v":793.8,"d":"€ 793.80"},{"v":860,"d":"€ 860.00"},{"v":66.20000000000005,"d":"€ 66.20"},"bezahlt","2026-01-22"]
["Arbeitskosten","Bodenverlegung","Laminat verlegen (Wohnung)","Bodenleger GmbH",{"v":16,"d":"16.00"},"Std",{"v":55,"d":"€ 55.00"},{"v":880,"d":"€ 880.00"},{"v":920,"d":"€ 920.00"},{"v":40,"d":"€ 40.00"},"bezahlt","2026-01-26"]
["Material","Sockelleisten","MDF Sockelleisten, weiß","OBI",{"v":55,"d":"55.00"},"m",{"v":2.8,"d":"€ 2.80"},{"v":154,"d":"€ 154.00"},{"v":160,"d":"€ 160.00"},{"v":6,"d":"€ 6.00"},"bezahlt","2026-01-23"]
["Sonstiges","Transport","Anlieferung Material","Spedition Nord",{"v":1,"d":"1.00"},"Pauschal",{"v":69,"d":"€ 69.00"},{"v":69,"d":"€ 69.00"},{"v":69,"d":"€ 69.00"},{"v":0,"d":"€ 0.00"},"bezahlt","2026-01-20"]
["Genehmigungen","Container","Stellgenehmigung (Container)","Stadt Oldenburg",{"v":1,"d":"1.00"},"Pauschal",{"v":35,"d":"€ 35.00"},{"v":35,"d":"€ 35.00"},{"v":35,"d":"€ 35.00"},{"v":0,"d":"€ 0.00"},"bezahlt","2026-01-16"]
["Entsorgung","Bauschutt","Entsorgung alter Bodenbelag","Recyclinghof",{"v":1,"d":"1.00"},"Pauschal",{"v":120,"d":"€ 120.00"},{"v":120,"d":"€ 120.00"},{"v":150,"d":"€ 150.00"},{"v":30,"d":"€ 30.00"},"bezahlt","2026-01-19"]
["Material","Elektrik","Schalter + Steckdosen (Set)","Elektroshop",{"v":12,"d":"12.00"},"Stk",{"v":7.9,"d":"€ 7.90"},{"v":94.80000000000001,"d":"€ 94.80"},{"v":105,"d":"€ 105.00"},{"v":10.199999999999989,"d":"€ 10.20"},"beauftragt"]
["Arbeitskosten","Elektriker","Austausch Schalter/Steckdosen","Elektro Peters",{"v":4,"d":"4.00"},"Std",{"v":78,"d":"€ 78.00"},{"v":312,"d":"€ 312.00"},{"v":0,"d":"€ 0.00"},{"v":-312,"d":"-€ 312.00"},"beauftragt"]
["Material","Badarmaturen","Waschbeckenarmatur","Sanitär Online",{"v":1,"d":"1.00"},"Stk",{"v":129,"d":"€ 129.00"},{"v":129,"d":"€ 129.00"},{"v":129,"d":"€ 129.00"},{"v":0,"d":"€ 0.00"},"bezahlt","2026-01-21"]
["Arbeitskosten","Sanitär","Montage Armatur","Sanitär-Service",{"v":2,"d":"2.00"},"Std",{"v":72,"d":"€ 72.00"},{"v":144,"d":"€ 144.00"},{"v":144,"d":"€ 144.00"},{"v":0,"d":"€ 0.00"},"bezahlt","2026-01-24"]
["Geräte/Miete","Schleifmaschine","Miete Parkettschleifer (1 Tag)","RentCenter",{"v":1,"d":"1.00"},"Pauschal",{"v":45,"d":"€ 45.00"},{"v":45,"d":"€ 45.00"},{"v":45,"d":"€ 45.00"},{"v":0,"d":"€ 0.00"},"bezahlt","2026-01-17"]
["Material","Spachtelmasse","Wandspachtel 20kg","Toom",{"v":4,"d":"4.00"},"Stk",{"v":14.5,"d":"€ 14.50"},{"v":58,"d":"€ 58.00"},{"v":58,"d":"€ 58.00"},{"v":0,"d":"€ 0.00"},"bezahlt","2026-01-18"]
["Sonstiges","Kleinteile","Abdeckfolie, Tape, Pinsel","Divers",{"v":1,"d":"1.00"},"Pauschal",{"v":55,"d":"€ 55.00"},{"v":55,"d":"€ 55.00"},{"v":62.5,"d":"€ 62.50"},{"v":7.5,"d":"€ 7.50"},"bezahlt","2026-01-19"]
["Material","Innen­türen","Zimmertür Standard 86x198","Bauhaus",{"v":2,"d":"2.00"},"Stk",{"v":149,"d":"€ 149.00"},{"v":298,"d":"€ 298.00"},null,"","geplant"]
["Arbeitskosten","Türen einbauen","Montage 2 Innentüren","Montage Team",{"v":6,"d":"6.00"},"Std",{"v":60,"d":"€ 60.00"},{"v":360,"d":"€ 360.00"},null,"","geplant"]
["Material","Fliesen","Küchenrückwand Fliesen","FliesenMax",{"v":6,"d":"6.00"},"m²",{"v":28,"d":"€ 28.00"},{"v":168,"d":"€ 168.00"},null,"","geplant"]
["Arbeitskosten","Fliesenleger","Fliesen Küchenrückwand","Fliesenleger Novak",{"v":5,"d":"5.00"},"Std",{"v":62,"d":"€ 62.00"},{"v":310,"d":"€ 310.00"},null,"","geplant"]
["Sonstiges","Reserve","Unvorhergesehenes (klein)","-",{"v":1,"d":"1.00"},"Pauschal",{"v":150,"d":"€ 150.00"},{"v":150,"d":"€ 150.00"},null,"","geplant"]